Mái tây = Tây Sương Ký

সংরক্ষণ করুন:
গ্রন্থ-পঞ্জীর বিবরন
প্রধান লেখক: Vương Thực Phủ
বিন্যাস: গ্রন্থ
ভাষা:Undetermined
প্রকাশিত: H. VHTT 1999
বিষয়গুলি:
ট্যাগগুলো: ট্যাগ যুক্ত করুন
কোনো ট্যাগ নেই, প্রথমজন হিসাবে ট্যাগ করুন!
Thư viện lưu trữ: Trung tâm Học liệu Trường Đại học Cần Thơ
LEADER 00498nam a2200181Ia 4500
001 CTU_51976
008 210402s9999 xx 000 0 und d
020 |b 35000 
082 |a 895.12 
082 |b Ph500 
100 |a Vương Thực Phủ 
245 0 |a Mái tây = Tây Sương Ký 
245 0 |c Vương Thực Phủ, Nhượng Tống 
260 |a H. 
260 |b VHTT 
260 |c 1999 
650 |a chinese drama 
980 |a Trung tâm Học liệu Trường Đại học Cần Thơ